000 00483nam a2200169Ia 4500
003 OSt
005 20200924104509.0
008 190216s9999||||xx |||||||||||||| ||und||
040 _coclc
082 _a581.4
_bRAG/P
100 _aRagland, Annie
_94791
245 0 _aPlant Anatomy And Microtechniques /
_cAnnie Ragland
260 _bSaras Publications,
_aNagercoil:
_c2001.
300 _a219p
650 _aBotany
942 _cBK
_2ddc
_h581.4
_iRAG/P
_k581.4
_mRAG/P
999 _c1568
_d1568